| 000 | 00672nam a2200217 4500 | ||
|---|---|---|---|
| 003 | OSt | ||
| 005 | 20240702071542.0 | ||
| 006 | a | ||
| 008 | 240702b |||||||| |||| 00| 0 eng d | ||
| 020 | _a9789810695965 | ||
| 040 |
_aDWCL-Main lib. _cOC |
||
| 082 |
_2Tenth edition _aCirc. 540 G326 2011 |
||
| 110 | _aRalph H. Petrucci | ||
| 245 | _aGeneral chemistry : principles and modern applications / | ||
| 250 | _aTenth edition | ||
| 260 |
_aSingapore : _bPearson Education South Asia Pte Ltd. , _cc2011. |
||
| 300 |
_axxiv _b(various paging) : ill. ; _c28 cm. |
||
| 504 | _aIncludes index. | ||
| 650 | _a1. Chemistry. | ||
| 942 |
_2ddc _n0 _cBK-CIRC _eTenth edition _kCirc. |
||
| 999 |
_c1817 _d1817 |
||